Detalles MARC
| 000 -CABECERA |
| campo de control de longitud fija |
01919nam a2200277 i 4500 |
| 003 - IDENTIFICADOR DEL NÚMERO DE CONTROL |
| campo de control |
DO-SdBNP |
| 005 - FECHA Y HORA DE LA ÚLTIMA TRANSACCIÓN |
| campo de control |
20250701135406.0 |
| 007 - CAMPO FIJO DE DESCRIPCIÓN FÍSICA--INFORMACIÓN GENERAL |
| campo de control de longitud fija |
ta |
| 008 - DATOS DE LONGITUD FIJA--INFORMACIÓN GENERAL |
| campo de control de longitud fija |
250319t1998 dr 000 0 spa d |
| 040 ## - FUENTE DE LA CATALOGACIÓN |
| Centro catalogador/agencia de origen |
DO-SdBNP |
| Lengua de catalogación |
spa |
| Centro/agencia transcriptor |
BNPHU |
| Normas de descripción |
rda |
| 082 ## - NÚMERO DE LA CLASIFICACIÓN DECIMAL DEWEY |
| Número de clasificación |
615.11 |
| Número de documento/Ítem |
G943f |
| Número de edición |
22 |
| 245 00 - MENCIÓN DE TÍTULO |
| Título |
Guía farmacoterapéutica de medicamentos esenciales de la República Dominicana / |
| 264 ## - PRODUCCIÓN, PUBLICACIÓN, DISTRIBUCIÓN, FABRICACIÓN Y COPYRIGHT |
| Producción, publicación, distribución, fabricación y copyright |
Santo Domingo : |
| Nombre del de productor, editor, distribuidor, fabricante |
Editora Taller, |
| Fecha de producción, publicación, distribución, fabricación o copyright |
1998. |
| 300 ## - DESCRIPCIÓN FÍSICA |
| Extensión |
xxvii, 498 páginas |
| Dimensiones |
21 cm. |
| 336 ## - TIPO DE CONTENIDO |
| Término de tipo de contenido |
texto |
| Código de tipo de contenido |
txt |
| Fuente |
rdacontent |
| 337 ## - TIPO DE MEDIO |
| Nombre/término del tipo de medio |
sin mediación |
| Código del tipo de medio |
n |
| Fuente |
rdamedia |
| 338 ## - TIPO DE SOPORTE |
| Nombre/término del tipo de soporte |
volumen |
| Código del tipo de soporte |
nc |
| Fuente |
rdacarrier |
| 504 ## - NOTA DE BIBLIOGRAFÍA, ETC. |
| Nota de bibliografía, etc. |
Bibliografía p: 495-498. |
| 505 2# - NOTA DE CONTENIDO CON FORMATO |
| Título |
Anestésicos generales y locales. Bloqueantes neuromusculares -- |
| -- |
Analgésicos, antipiréticos, antiinflamatorios no esteroideos y antigotosos -- |
| -- |
Antialérgicos, antagonistas H1 de la histamina -- |
| -- |
Antídotos antagonistas para tratamientos específicos en intoxicaciones -- |
| -- |
Antiepilépticos, anticonvulsivos -- |
| -- |
Antibióticos, antiinfecciosos -- |
| -- |
Antimigrañosos. Antagonistas de la serotonina -- |
| -- |
Antineoplásicos y agente inmunosupresores -- |
| -- |
Antiparkinsonianos -- |
| -- |
Antianémicos. Anticoagulantes y fracción plasmática -- |
| -- |
Cardiovasculares -- |
| -- |
Dermatológicos -- |
| -- |
Diagnóstico, agentes -- |
| -- |
Diuréticos -- |
| -- |
Digestivo, aparato -- |
| -- |
Hormonas, medicamentos endocrinos y contraceptivos -- |
| -- |
Inmunológicos -- |
| -- |
Inhibidores de la colinesterasa -- |
| -- |
Preparaciones oftalmológicas -- |
| -- |
Oxitócicos y antioxitócicos -- |
| -- |
Soluciones para diálisis peritoneal -- |
| -- |
Psicoterápias: antipsicóticos y antidepresivos -- |
| -- |
Medicamentos respiratorios -- |
| -- |
Trastornos hídricos. Soluciones electrolíticas y ácido básicas -- |
| -- |
Vitaminas y minerales / |
| 590 ## - NOTA LOCAL (RLIN) |
| Nota local |
Inventariado, 2025/ YL |
| 650 #0 - PUNTO DE ACCESO ADICIONAL DE MATERIA--TÉRMINO DE MATERIA |
| Término de materia o nombre geográfico como elemento de entrada |
Proyectos de desarrollo económico |
| 9 (RLIN) |
6643 |
| 650 #0 - PUNTO DE ACCESO ADICIONAL DE MATERIA--TÉRMINO DE MATERIA |
| Término de materia o nombre geográfico como elemento de entrada |
Farmacología |
| 9 (RLIN) |
87237 |
| 650 #0 - PUNTO DE ACCESO ADICIONAL DE MATERIA--TÉRMINO DE MATERIA |
| Término de materia o nombre geográfico como elemento de entrada |
Medicamentos esenciales |
| 9 (RLIN) |
87242 |
| 910 ## - DATOS DE OPCIÓN DEL USUARIO (OCLC) |
| Datos de opción del usuario |
YLockward |
| 942 ## - ELEMENTOS DE PUNTO DE ACCESO ADICIONAL (KOHA) |
| Fuente del sistema de clasificación o colocación |
Dewey Decimal Classification |
| Tipo de ítem Koha |
Libro |